[Event "Llinars del Valles Seniors op 2nd"]
[Site "Llinars del Valles"]
[Date "2024.06.05"]
[Round "7"]
[White "Toribio Monge, Josep Manel"]
[Black "Gaona Gonzalez, Gerard"]
[Result "0-1"]
[WhiteElo "1564"]
[BlackElo "1845"]
[PlyCount "90"]
[EventDate "2024.04.10"]
[EventType "swiss"]
[EventRounds "7"]
[EventCountry "ESP"]
[SourceTitle "CBM 220 Extra"]
[Source "ChessBase"]
[SourceDate "2024.07.31"]
[SourceVersion "1"]
[SourceVersionDate "2024.07.31"]
[SourceQuality "1"]

1. d4 d6 2. Bf4 Nf6 3. e3 c6 4. Nf3 Nbd7 5. c3 Qa5 6. Bd3 e5 7. dxe5 dxe5 8. b4 Qc7 9. Bg3 a5 10. a3 axb4 11. Qc1 Qa5 12. Ng5 bxc3 13. 0-0 Nc5 14. Bc4 Ne6 15. Nxe6 Bxe6 16. Bxe6 fxe6 17. Rd1 Bb4 18. f3 0-0 19. Be1 Nd5 20. Rd3 c2 21. Bxb4 cxb1Q 22. Rxb1 Nxb4 23. axb4 Qb5 24. Qd2 c5 25. Qc3 Ra4 26. Rbd1 Rxb4 27. Qxe5 Qc4 28. Rd7 Rf7 29. Rd8+ Rf8 30. R1d7 Qc1+ 31. Kf2 Qb2+ 32. Qxb2 Rxb2+ 33. Kg3 Rxd8 34. Rxd8+ Kf7 35. e4 c4 36. f4 b5 37. e5 c3 38. h4 Rd2 39. Rc8 c2 40. h5 b4 41. Rc7+ Ke8 42. f5 b3 43. fxe6 b2 44. Rc8+ Ke7 45. Rc7+ Kxe6 0-1

[Event "Llinars del Valles Seniors op 2nd"]
[Site "Llinars del Valles"]
[Date "2024.04.24"]
[Round "3"]
[White "Cuesta Sanz, Ruben"]
[Black "Toribio Monge, Josep Manel"]
[Result "1-0"]
[WhiteElo "1674"]
[BlackElo "1564"]
[PlyCount "45"]
[EventDate "2024.04.10"]
[EventType "swiss"]
[EventRounds "7"]
[EventCountry "ESP"]
[SourceTitle "CBM 220 Extra"]
[Source "ChessBase"]
[SourceDate "2024.07.31"]
[SourceVersion "1"]
[SourceVersionDate "2024.07.31"]
[SourceQuality "1"]

1. d4 d5 2. Bf4 Nf6 3. Nf3 Ne4 4. Nbd2 Bf5 5. e3 a6 6. Bd3 e6 7. Qe2 Bd6 8. Bg3 Nc6 9. Bxe4 dxe4 10. Ne5 Nxe5 11. dxe5 Bc5 12. 0-0-0 Qe7 13. Qc4 0-0 14. Nxe4 Bxe4 15. Qxe4 c6 16. f4 f6 17. Qf3 Rac8 18. e4 b5 19. exf6 Rxf6 20. Rd3 b4 21. Rhd1 Qb7 22. Qg4 a5 23. Rd7 1-0